[Event "AUT Bundesliga Women 2021-22"]
[Site "Austria"]
[Date "2022.01.22"]
[Round "3.9"]
[White "Zatonskih, Anna"]
[Black "Hiebler, Laura"]
[Result "1-0"]
[WhiteElo "2403"]
[BlackElo "2021"]
[Annotator "TA"]
[PlyCount "73"]
[EventDate "2021.11.06"]
[EventType "team-tourn"]
[EventCountry "AUT"]
[SourceTitle "playchess.com"]
[Source "ChessBase"]
[SourceQuality "1"]

{[%evp 24,73,48,48,90,42,66,75,83,87,90,77,130,137,119,131,206,149,154,163,249,216,245,247,243,250,253,242,256,253,217,216,235,181,275,277,395,345,455,449,427,466,432,447,603,622,607,596,654,649,597,565]} 1. d4 Nf6 2. c4 e6 3. Nc3 Bb4 4. Qc2 O-O 5. a3 Bxc3+ 6. Qxc3 b6 7. Bg5 Bb7 8. f3 h6 9. Bh4 d5 10. e3 Nbd7 11. cxd5 exd5 12. Bd3 Re8 13. Ne2 {[%cal Bg1e2,Be2g3,Bg3f5][%mdl 32]} Rc8 {E32: Nimzo-Indian: Classical (4 Qc2): 4...0-0.} (13... a5 $14) 14. O-O ({White should try} 14. Bf5 $16) 14... Qe7 15. Bf5 {White is more active.} g5 {White is better.} 16. Bf2 Ba6 17. Rfe1 {Hoping for Ng3.} c5 {[#]} (17... Bxe2 $142 18. Rxe2 c5) 18. Ng3 $1 $16 cxd4 19. Qxd4 {[#]} Qe5 $146 (19... Rc4 $16 20. Qd2 Ne5) ({Predecessor:} 19... Rc4 20. Qd1 Ne5 21. Qd2 g4 22. e4 gxf3 23. Qxh6 Neg4 24. Qg5+ Kf8 25. Bxg4 {1-0 (25) Maiorov,N (2540)-Tadevosyan,A (2123) La Roda 2019}) 20. Rad1 Rcd8 21. Bb1 Nc5 (21... Qxd4 {keeps fighting.} 22. exd4 Nf8) 22. Nf5 Bc8 23. Qxe5 Rxe5 24. Nxh6+ Kg7 {[#]} 25. Bg3 $1 Re7 (25... Ree8 26. Nf5+) 26. Nf5+ Bxf5 27. Bxf5 Rde8 28. Bf2 {This bishop pair is nice.} Re5 (28... Nb7 {was worth a try.} 29. Bd3 Re6) 29. g4 $18 Ng8 (29... Nb3 $142 30. Kf1 a5) 30. e4 f6 31. Bg3 {[%cal Bf2g3,Bg3d6,Bd6b8,Bb8a7][%mdl 32] White is clearly winning.} R5e7 32. Bd6 Rf7 33. exd5 Rxe1+ 34. Rxe1 {aiming for Bxc5.} Nb7 35. Bb8 Ne7 36. Be6 Rf8 37. Bxa7 {Weighted Error Value: White=0.12 (very precise) /Black=0.40} 1-0

[Event "AUT Bundesliga Women 2021-22"]
[Site "Austria"]
[Date "2022.01.23"]
[Round "4.5"]
[White "Hiebler, Laura"]
[Black "Mihok-Juhasz, Barbara"]
[Result "0-1"]
[WhiteElo "2021"]
[BlackElo "2275"]
[Annotator "TA"]
[PlyCount "128"]
[EventDate "2021.11.06"]
[EventType "team-tourn"]
[EventCountry "AUT"]
[SourceTitle "playchess.com"]
[Source "ChessBase"]
[SourceQuality "1"]

{[%evp 22,128,28,35,83,75,126,108,122,135,158,150,193,154,182,154,185,142,153,144,175,175,172,175,159,130,129,102,102,120,127,89,89,87,93,0,105,-20,-14,-14,-12,-18,-7,-12,0,-8,-8,-22,-27,-82,-25,-32,-26,-77,-49,-47,-41,-76,-87,-72,-79,-108,-100,-176,-108,-118,-109,-85,-77,-79,0,-111,0,-125,-9,-9,0,-6,-4,-7,0,0,0,0,0,-208,-172,-389,-382,-548,-544,-606,-589,-578,-559,-1234,-1272,-29942,-10154,-6007,-5220,-29973,-29970,-29962,-29966,-29967,-29969,-29969,-11818]} 1. c4 Nf6 2. Nc3 g6 3. g3 Bg7 4. Bg2 O-O 5. Nf3 c5 6. d4 cxd4 7. Nxd4 Nc6 8. O-O d6 9. Nxc6 bxc6 10. Bxc6 Rb8 11. Bg2 Qa5 12. Qc2 Be6 {E65: King's Indian: Fianchetto: 6...c5 7 0-0 without d5 by White.} (12... Bf5 $14 13. e4 Be6) 13. Bd2 $16 Qh5 (13... Qc5 $142) 14. b3 $1 Rfc8 {White is better.} 15. e4 {Inhibits d5.} g5 {[#]} 16. Rab1 $146 ({Predecessor:} 16. Rae1 Ng4 17. h3 Ne5 18. f4 gxf4 19. gxf4 Bxh3 20. Re3 Bxg2 21. Kxg2 Ng6 22. Rh3 {1-0 (29) Blagojevic,N (2300)-Tosic,M (2420) Niksic 1997}) 16... g4 (16... Ng4 $16 {was called for.} 17. h3 Ne5) 17. Be3 a6 18. Qd2 Qg6 19. Rfd1 (19. e5 $18 dxe5 20. Ba7) 19... Nd7 20. Ne2 Be5 21. Nf4 Qg7 22. Nxe6 fxe6 23. Bh6 Qg6 24. Qg5 Qxg5 25. Bxg5 {A strong pair of Bishops.} Kf7 26. Be3 a5 27. Rdc1 Nc5 28. Rd1 (28. f4 $16 gxf3 29. Bxf3) 28... Rc7 (28... Nd7 $1 $11) 29. Bd4 (29. f4 $16 gxf3 30. Bxf3) 29... Bxd4 $11 30. Rxd4 {[%cal Oe4e5]} e5 31. Rd2 Rcb7 32. f3 gxf3 33. Bxf3 a4 {[%cal Ra4b3]} 34. Bh5+ Kg8 {[%cal Ra4b3]} 35. Rf1 (35. Bd1 $1 $11) 35... Nxe4 ({Black should try} 35... axb3 $17 {aiming for ...b2.} 36. Bf7+ Kh8 37. axb3 Rxb3) 36. Bf7+ Kg7 37. Rb2 (37. Re2 $11 {keeps the balance.} axb3 38. axb3) 37... Nf6 ({Don't take} 37... axb3 38. Bd5 Nc5 39. Bxb7 Rxb7 40. axb3 $16) 38. Be6 {[%cal Oc4c5]} axb3 39. axb3 Rxb3 40. Rxb3 Rxb3 $15 {[%mdl 4096] Endgame KRB-KRN} 41. Rc1 Rb6 42. Ra1 (42. Re1 $17) 42... Rb7 (42... Ne4 $1 $19 43. Bd5 Nc5) 43. Ra8 Rc7 44. Kg2 Nd7 45. Bd5 Nf6 {Prevents Rg8+.} 46. Be6 $1 Rb7 (46... h5 $17 47. Kf3 Rb7) 47. g4 {[#]} (47. Kg1 $1 $11 {remains equal.}) 47... h6 ({Black should play} 47... Ne4 $1 $17 {...Rb2+ is the strong threat.} 48. h4 Nc5) 48. h4 $1 $11 Rb2+ 49. Kf3 Rb3+ 50. Kg2 $1 Ne4 {Threatens to win with ...Nc5.} 51. Rg8+ $1 Kf6 52. Bd5 Rb2+ 53. Kf3 $2 (53. Kh3 $1 $11 {and White is okay.} Rb3+ 54. Kg2) 53... Nd2+ $19 54. Ke3 $2 (54. Kg3 Nf1+ 55. Kf3) 54... e6 55. g5+ {[#]} (55. Be4 $142 Nxc4+ 56. Kd3) 55... hxg5 $1 ({Weaker is} 55... Kf7 56. Bxe6+ Kxe6 57. gxh6 Nxc4+ 58. Kd3 $11) 56. hxg5+ Kf7 57. Bxe6+ Kxe6 {KRN-KR} 58. Rf8 Nxc4+ 59. Kd3 d5 60. Rf6+ Ke7 {( -> ...e4+)} 61. Rc6 Rg2 {Black mates.} 62. g6 Rg3+ 63. Ke2 Nd6 64. Rc5 Ke6 {Weighted Error Value: White=0.60/Black=0.22 (precise)} 0-1

[Event "AUT Bundesliga Women 2021-22"]
[Site "Austria"]
[Date "2022.01.23"]
[Round "4.9"]
[White "Novkovic, Julia"]
[Black "Zatonskih, Anna"]
[Result "0-1"]
[WhiteElo "2068"]
[BlackElo "2403"]
[Annotator "TA"]
[PlyCount "94"]
[EventDate "2021.11.06"]
[EventType "team-tourn"]
[EventCountry "AUT"]
[SourceTitle "playchess.com"]
[Source "ChessBase"]
[SourceQuality "1"]

{[%evp 9,94,13,15,11,17,2,10,2,0,5,10,8,14,-13,0,0,0,-11,-22,-16,-17,-20,-17,-20,-14,-39,-30,-37,-36,-87,-114,-337,-331,-387,-390,-380,-360,-438,-297,-371,-358,-326,-324,-483,-479,-596,-491,-513,-456,-454,-427,-574,-512,-573,-467,-1037,-573,-527,-477,-517,-482,-532,-486,-484,-476,-587,-579,-567,-538,-513,-527,-1016,-547,-993,-544,-663,-649,-664,-606,-636,-623,-748,-601,-832,-811,-795,-774]} 1. e4 e6 2. d4 d5 3. Nd2 c5 4. exd5 Qxd5 5. dxc5 Qxc5 6. Ngf3 {C07: French Tarrasch: 3...c5, 4 Ngf3 and 4 exd5 Qxd5.} Nf6 7. Bd3 Be7 8. O-O {The position is equal.} O-O $1 {8...0-0 is better than 8...Nbd7.} 9. Qe2 Nbd7 10. Rd1 Qc7 11. c4 {[#]} (11. Ne4 $5 {[%cal Rc1g5]}) 11... Nc5 $146 ({Predecessor:} 11... b6 12. b3 Bb7 13. Bb2 Rad8 14. Rac1 Rfe8 15. Bb1 Qc6 16. Nf1 Bc5 17. Ne3 Qc7 {0-1 (36) Matejovic,J (2239)-Erdos,V (2587) Harkany 2009}) 12. Bc2 b6 13. b4 Ncd7 14. a3 a5 15. Rb1 Bb7 16. Bb2 Rfd8 17. Nd4 axb4 18. axb4 Bxb4 19. N2f3 (19. Nxe6 $15 Qc6 20. Nf3 Qxe6 21. Qxe6 fxe6 22. Bxf6 gxf6 23. Rxb4) 19... Bc5 $17 20. Nxe6 $2 {[#] This costs White the game.} Bxf3 $1 $19 {[%mdl 512] Chess con chili.} 21. gxf3 (21. Nxc7 Bxe2) 21... fxe6 22. Qxe6+ Kh8 {[%cal Oc5f2]} 23. Qf5 Nf8 24. Kh1 Rxd1+ 25. Rxd1 Rd8 26. Rg1 (26. Bxf6 {keeps fighting.} Rxd1+ 27. Bxd1) 26... Bd4 {Black is clearly winning.} 27. Ba3 Qxc4 28. Be7 Re8 29. Bd3 Qf7 30. Bb4 Bxf2 31. Rc1 Qd5 32. Rc7 (32. Qxd5 $142 Nxd5 33. Bd6) 32... Qxf5 33. Bxf5 {A strong pair of Bishops.} Ne6 34. Rb7 Nd4 35. Bh3 Nc2 36. Bc3 Bc5 37. Kg2 Ne3+ 38. Kg3 Ned5 39. Bb2 Bd6+ 40. Kh4 Bxh2 {[#] Hoping for ...Bf4.} 41. Bd4 Rb8 42. Rf7 Bd6 43. Be6 Nf4 44. Bb3 Ng6+ 45. Kg5 Ne5 46. Rxf6 gxf6+ 47. Kxf6 Nxf3 {Weighted Error Value: White=0.58/Black=0.39} 0-1

[Event "AUT Bundesliga Women 2021-22"]
[Site "Austria"]
[Date "2022.01.23"]
[Round "4.15"]
[White "Zoehrer, Sarah"]
[Black "Mattersberger, Melanie"]
[Result "1/2-1/2"]
[WhiteElo "1650"]
[BlackElo "1752"]
[Annotator "NA RC"]
[PlyCount "63"]
[EventDate "2021.11.06"]
[EventType "team-tourn"]
[EventCountry "AUT"]
[SourceTitle "playchess.com"]
[Source "ChessBase"]
[SourceQuality "1"]
[TimeControl "40/5400+30:1800+30"]

1. d4 {[%emt 0:00:03]} Nf6 {[%emt 0:00:04]} 2. Nf3 {[%emt 0:00:31]} e6 {[%emt 0:00:10]} 3. Bf4 {[%emt 0:00:42]} b6 {[%emt 0:00:07]} 4. e3 {[%emt 0:00:35]} Bb7 {[%emt 0:00:06]} 5. Be2 {[%emt 0:00:46]} Be7 {[%emt 0:00:11]} 6. O-O {[%emt 0:00:14]} d6 {[%emt 0:00:33]} 7. c4 {[%emt 0:04:07]} Nh5 {[%emt 0:00:28]} 8. Bg3 {[%emt 0:01:42]} Nxg3 {[%emt 0:00:07]} 9. fxg3 {[%emt 0:03:39]} Nd7 {[%emt 0:00:22]} 10. Nc3 {[%emt 0:01:29]} O-O {[%emt 0:00:07]} 11. Qd3 {[%emt 0:02:21]} c5 {[%emt 0:08:41]} 12. d5 {[%emt 0:11:12]} e5 {[%emt 0:05:18]} 13. e4 {[%emt 0:06:42]} Bc8 {[%emt 0:02:17]} 14. h3 {[%emt 0:08:49]} h6 {[%emt 0:06:07]} 15. Nd1 {[%emt 0:07:27]} Nf6 {[%emt 0:06:47]} 16. Nh4 {[%emt 0:03:15]} g6 {[%emt 0:17:50]} 17. Nf3 {[%emt 0:19:30]} Nh5 {[%emt 0:03:53]} 18. Nh2 {[%emt 0:01:14]} Nf6 {[%emt 0:03:08]} 19. Ne3 {[%emt 0:01:23]} Kg7 {[%emt 0:00:42]} 20. Rf2 {[%emt 0:03:18]} Nh7 {[%emt 0:03:25]} 21. Raf1 {[%emt 0:02:06]} Rb8 {[%emt 0:02:32]} 22. Neg4 {[%emt 0:03:37]} h5 {[%emt 0:02:02]} 23. Ne3 {[%emt 0:00:20]} Bg5 {[%emt 0:02:24]} 24. Nf3 {[%emt 0:01:23]} Bh6 {[%emt 0:06:25]} 25. Nc2 {[%emt 0:05:01]} Ng5 {[%emt 0:01:58]} 26. Nxg5 {[%emt 0:01:56]} Qxg5 {[%emt 0:02:07]} 27. Rf6 {[%emt 0:02:36]} Rb7 {[%emt 0:05:24]} 28. h4 {[%emt 0:03:34]} Qxf6 {[%emt 0:00:37]} 29. Rxf6 {[%emt 0:00:06]} Kxf6 {[%emt 0:00:06]} 30. Ne1 {[%emt 0:00:44]} Kg7 {[%emt 0:00:45]} 31. Nf3 {[%emt 0:01:13]} f5 {[%emt 0:21:17]} 32. Ng5 {[%emt 0:04:55]} 1/2-1/2

[Event "AUT Bundesliga Women 2021-22"]
[Site "Austria"]
[Date "2022.03.25"]
[Round "5.1"]
[White "Katter, Katharina"]
[Black "Richterova, Natasa"]
[Result "1/2-1/2"]
[WhiteElo "1981"]
[BlackElo "2162"]
[Annotator "NA"]
[PlyCount "118"]
[EventDate "2021.11.06"]
[EventType "team-tourn"]
[EventCountry "AUT"]
[SourceTitle "playchess.com"]
[Source "ChessBase"]
[SourceQuality "1"]
[TimeControl "40/5400+30:1800+30"]

1. d4 {[%emt 0:00:01]} Nf6 {[%emt 0:00:06]} 2. Nf3 {[%emt 0:00:07]} g6 {[%emt 0:00:24]} 3. g3 {[%emt 0:00:19]} Bg7 {[%emt 0:00:04]} 4. Bg2 {[%emt 0:00:07]} d6 {[%emt 0:00:57]} 5. O-O {[%emt 0:00:11]} O-O {[%emt 0:00:11]} 6. Re1 {[%emt 0:00:30]} Nbd7 {[%emt 0:00:12]} 7. e4 {[%emt 0:00:09]} e5 {[%emt 0:00:21]} 8. Nc3 {[%emt 0:01:00]} c6 {[%emt 0:00:25]} 9. a4 {[%emt 0:01:14]} Qc7 {[%emt 0:02:39]} 10. b3 {[%emt 0:05:23]} Re8 {[%emt 0:01:24]} 11. Ba3 {[%emt 0:06:14]} Bf8 {[%emt 0:05:29]} 12. Qd2 {[%emt 0:03:40]} a5 {[%emt 0:11:03]} 13. Rad1 {[%emt 0:03:18]} Qb6 {[%emt 0:02:49]} 14. dxe5 {[%emt 0:11:13]} dxe5 {[%emt 0:00:09]} 15. Bxf8 {[%emt 0:00:08]} Nxf8 {[%emt 0:00:21]} 16. Qd6 {[%emt 0:01:05]} Ng4 {[%emt 0:00:23]} 17. Re2 {[%emt 0:05:54]} Be6 {[%emt 0:18:30]} 18. Red2 {[%emt 0:07:30]} Rad8 {[%emt 0:10:19]} 19. Qa3 {[%emt 0:00:35]} Ra8 {[%emt 0:23:36]} 20. h3 {[%emt 0:06:09]} Ne3 {[%emt 0:01:22]} 21. Re1 {[%emt 0:02:25]} Nxg2 {[%emt 0:00:12]} 22. Kxg2 {[%emt 0:00:02]} Qc7 {[%emt 0:10:58]} 23. Qc5 {[%emt 0:04:27]} Nd7 {[%emt 0:04:03]} 24. Qe3 {[%emt 0:02:29]} f6 {[%emt 0:03:55]} 25. Red1 {[%emt 0:03:49]} Qc8 {[%emt 0:01:41]} 26. Qh6 {[%emt 0:02:51]} Qc7 {[%emt 0:00:34]} 27. Nh2 {[%emt 0:02:28]} Rad8 {[%emt 0:00:45]} 28. Ng4 {[%emt 0:05:30]} Bxg4 {[%emt 0:00:17]} 29. hxg4 {[%emt 0:00:03]} Nc5 {[%emt 0:00:34]} 30. g5 {[%emt 0:01:27]} Rxd2 {[%emt 0:00:38]} 31. Rxd2 {[%emt 0:00:23]} Qe7 {[%emt 0:00:42]} 32. gxf6 {[%emt 0:00:44]} Qxf6 {[%emt 0:00:01]} 33. Qe3 {[%emt 0:00:59]} b6 {[%emt 0:01:07]} 34. Nd1 {[%emt 0:02:00]} Rd8 {[%emt 0:00:31]} 35. Rxd8+ {[%emt 0:05:54]} Qxd8 {[%emt 0:00:01]} 36. Nb2 {[%emt 0:00:16]} Qd4 {[%emt 0:01:10]} 37. Qxd4 {[%emt 0:00:07]} exd4 {[%emt 0:00:01]} 38. Nc4 {[%emt 0:02:20]} d3 {[%emt 0:01:01]} 39. cxd3 {[%emt 0:00:44]} Nxd3 {[%emt 0:00:26]} 40. Nxb6 {[%emt 0:00:25]} Nc5 {[%emt 0:00:04]} 41. Nc4 {[%emt 0:30:23]} Nxb3 {[%emt 0:30:04]} 42. Kf3 {[%emt 0:01:54]} Kg7 {[%emt 0:00:00]} 43. Ke3 {[%emt 0:00:00]} Kf6 {[%emt 0:00:00]} 44. Kd3 {[%emt 0:00:00]} Nc5+ {[%emt 0:00:00]} 45. Kd4 {[%emt 0:00:00]} Nxa4 {[%emt 0:00:00]} 46. Nxa5 {[%emt 0:00:00]} c5+ {[%emt 0:00:00]} 47. Kc4 {[%emt 0:00:00]} h5 {[%emt 0:00:00]} 48. f4 {[%emt 0:00:00]} g5 {[%emt 0:00:00]} 49. fxg5+ {[%emt 0:00:00]} Kxg5 {[%emt 0:00:00]} 50. e5 {[%emt 0:00:00]} Kf5 {[%emt 0:00:00]} 51. Nc6 {[%emt 0:00:00]} Ke6 {[%emt 0:00:00]} 52. Kb5 {[%emt 0:00:00]} Nc3+ {[%emt 0:00:00]} 53. Kxc5 {[%emt 0:00:00]} Ne4+ {[%emt 0:00:00]} 54. Kd4 {[%emt 0:00:00]} Nxg3 {[%emt 0:00:00]} 55. Ke3 {[%emt 0:00:00]} Kd5 {[%emt 0:00:00]} 56. Kf4 {[%emt 0:00:00]} Ne2+ {[%emt 0:00:00]} 57. Kg5 {[%emt 0:00:00]} Kxc6 {[%emt 0:00:00]} 58. Kxh5 {[%emt 0:00:00]} Kd5 {[%emt 0:00:00]} 59. Kg5 {[%emt 0:00:00]} Kxe5 {[%emt 0:00:00]} 1/2-1/2

[Event "AUT Bundesliga Women 2021-22"]
[Site "Austria"]
[Date "2022.03.25"]
[Round "5.2"]
[White "Batyte, Daiva"]
[Black "Katter, Marlene"]
[Result "1/2-1/2"]
[WhiteElo "2105"]
[BlackElo "1785"]
[Annotator "NA"]
[PlyCount "128"]
[EventDate "2021.11.06"]
[EventType "team-tourn"]
[EventCountry "AUT"]
[SourceTitle "playchess.com"]
[Source "ChessBase"]
[SourceQuality "1"]
[TimeControl "40/5400+30:1800+30"]

1. c4 {[%emt 0:00:04]} e6 {[%emt 0:00:05]} 2. g3 {[%emt 0:00:07]} d5 {[%emt 0:00:12]} 3. Bg2 {[%emt 0:00:05]} Nf6 {[%emt 0:00:12]} 4. Nf3 {[%emt 0:00:53]} dxc4 {[%emt 0:00:18]} 5. Qc2 {[%emt 0:00:29]} c6 {[%emt 0:00:46]} 6. Qxc4 {[%emt 0:00:26]} b5 {[%emt 0:00:29]} 7. Qc2 {[%emt 0:00:25]} Bb7 {[%emt 0:00:34]} 8. d4 {[%emt 0:02:17]} Nbd7 {[%emt 0:00:35]} 9. Nc3 {[%emt 0:01:35]} a6 {[%emt 0:01:09]} 10. Nd2 {[%emt 0:04:41]} Qb6 {[%emt 0:04:04]} 11. a4 {[%emt 0:06:22]} Be7 {[%emt 0:10:00]} 12. O-O {[%emt 0:02:08]} O-O {[%emt 0:01:34]} 13. Nb3 {[%emt 0:02:11]} c5 {[%emt 0:04:43]} 14. a5 {[%emt 0:16:27]} Qa7 {[%emt 0:03:30]} 15. Bxb7 {[%emt 0:03:16]} Qxb7 {[%emt 0:00:33]} 16. Bg5 {[%emt 0:01:50]} Rac8 {[%emt 0:03:31]} 17. dxc5 {[%emt 0:09:06]} Nxc5 {[%emt 0:01:14]} 18. Nxc5 {[%emt 0:00:21]} Rxc5 {[%emt 0:02:08]} 19. Be3 {[%emt 0:00:23]} Rcc8 {[%emt 0:01:50]} 20. Qb3 {[%emt 0:01:20]} Bc5 {[%emt 0:04:04]} 21. Bxc5 {[%emt 0:01:03]} Rxc5 {[%emt 0:00:11]} 22. Rfd1 {[%emt 0:02:10]} Qc7 {[%emt 0:02:12]} 23. Rd4 {[%emt 0:03:40]} h6 {[%emt 0:03:19]} 24. Qd1 {[%emt 0:01:22]} e5 {[%emt 0:03:45]} 25. Nd5 {[%emt 0:01:34]} Nxd5 {[%emt 0:01:06]} 26. Rxd5 {[%emt 0:00:07]} Rxd5 {[%emt 0:00:29]} 27. Qxd5 {[%emt 0:00:07]} Rd8 {[%emt 0:00:21]} 28. Qe4 {[%emt 0:00:48]} Qc5 {[%emt 0:07:49]} 29. Kg2 {[%emt 0:03:12]} Qd5 {[%emt 0:02:41]} 30. Qf3 {[%emt 0:03:27]} Qxf3+ {[%emt 0:05:47]} 31. Kxf3 {[%emt 0:00:34]} Rd2 {[%emt 0:00:54]} 32. Rc1 {[%emt 0:03:04]} b4 {[%emt 0:02:57]} 33. Rc6 {[%emt 0:00:45]} Rxb2 {[%emt 0:00:56]} 34. Rxa6 {[%emt 0:00:07]} b3 {[%emt 0:04:01]} 35. Rb6 {[%emt 0:00:24]} Ra2 {[%emt 0:00:41]} 36. a6 {[%emt 0:00:39]} b2 {[%emt 0:00:34]} 37. h4 {[%emt 0:00:42]} Rxa6 {[%emt 0:01:31]} 38. Rxb2 {[%emt 0:00:07]} h5 {[%emt 0:02:13]} 39. Rb5 {[%emt 0:00:38]} f6 {[%emt 0:00:35]} 40. Rb2 {[%emt 0:01:46]} Ra4 {[%emt 0:00:42]} 41. e3 {[%emt 0:30:25]} Kf7 {[%emt 0:31:31]} 42. Rb7+ {[%emt 0:00:22]} Kg6 {[%emt 0:00:35]} 43. Rd7 {[%emt 0:00:11]} Rb4 {[%emt 0:00:54]} 44. e4 {[%emt 0:00:39]} Rb3+ {[%emt 0:01:47]} 45. Ke2 {[%emt 0:00:24]} Rb2+ {[%emt 0:00:36]} 46. Ke3 {[%emt 0:00:11]} Rb3+ {[%emt 0:00:47]} 47. Rd3 {[%emt 0:00:08]} Rb2 {[%emt 0:00:57]} 48. Kf3 {[%emt 0:03:05]} Rb4 {[%emt 0:01:03]} 49. Ke3 {[%emt 0:00:57]} Rb2 {[%emt 0:00:23]} 50. f4 {[%emt 0:00:25]} exf4+ {[%emt 0:01:49]} 51. Kxf4 {[%emt 0:00:34]} Rb6 {[%emt 0:01:23]} 52. Rd5 {[%emt 0:00:33]} Rb4 {[%emt 0:01:11]} 53. Rd1 {[%emt 0:00:36]} Ra4 {[%emt 0:01:08]} 54. Rg1 {[%emt 0:00:43]} f5 {[%emt 0:00:51]} 55. Re1 {[%emt 0:00:17]} fxe4 {[%emt 0:00:38]} 56. Rxe4 {[%emt 0:00:12]} Rxe4+ {[%emt 0:00:30]} 57. Kxe4 {[%emt 0:00:07]} Kf6 {[%emt 0:00:08]} 58. Kf4 {[%emt 0:00:29]} g6 {[%emt 0:00:18]} 59. Ke4 {[%emt 0:02:04]} Ke6 {[%emt 0:00:15]} 60. Kf4 {[%emt 0:00:07]} Kf6 {[%emt 0:00:10]} 61. Ke4 {[%emt 0:00:13]} Ke6 {[%emt 0:00:06]} 62. Kf4 {[%emt 0:00:05]} Kf6 {[%emt 0:00:06]} 63. Ke4 {[%emt 0:00:05]} Ke6 {[%emt 0:00:08]} 64. Kf4 {[%emt 0:00:05]} Kf6 {[%emt 0:00:03]} 1/2-1/2

[Event "AUT Bundesliga Women 2021-22"]
[Site "Austria"]
[Date "2022.03.25"]
[Round "5.3"]
[White "Truszkiewicz, Eliza"]
[Black "Mar, Karmen"]
[Result "0-1"]
[WhiteElo "1897"]
[BlackElo "2074"]
[Annotator "ChessBase"]
[PlyCount "100"]
[EventDate "2021.11.06"]
[EventType "team-tourn"]
[EventCountry "AUT"]
[SourceTitle "playchess.com"]
[Source "ChessBase"]
[SourceQuality "1"]
[TimeControl "40/5400+30:1800+30"]

1. e4 {[%emt 0:00:04]} c5 {[%emt 0:00:14]} 2. c3 {[%emt 0:00:06]} d5 {[%emt 0:00:17]} 3. exd5 {[%emt 0:00:32]} Qxd5 {[%emt 0:00:02]} 4. Nf3 {[%emt 0:01:27]} Nf6 {[%emt 0:01:16]} 5. Na3 {[%emt 0:03:27]} e6 {[%emt 0:08:28]} 6. Bc4 {[%emt 0:07:07]} Qd8 {[%emt 0:05:22]} 7. O-O {[%emt 0:02:26]} Nc6 {[%emt 0:04:25]} 8. Nc2 {[%emt 0:02:54]} Be7 {[%emt 0:06:18]} 9. Re1 {[%emt 0:01:13]} O-O {[%emt 0:00:52]} 10. d4 {[%emt 0:05:13]} Qc7 {[%emt 0:12:22]} 11. Bg5 {[%emt 0:08:38]} cxd4 {[%emt 0:14:26]} 12. Ncxd4 {[%emt 0:09:51]} Nxd4 {[%emt 0:07:43]} 13. Qxd4 {[%emt 0:00:11]} Rd8 {[%emt 0:00:06]} 14. Qf4 {[%emt 0:03:43]} Qxf4 {[%emt 0:03:20]} 15. Bxf4 {[%emt 0:00:06]} Bd7 {[%emt 0:02:30]} 16. Ne5 {[%emt 0:16:55]} Be8 {[%emt 0:01:45]} 17. Rad1 {[%emt 0:02:52]} b5 {[%emt 0:05:17]} 18. Bb3 {[%emt 0:00:52]} a5 {[%emt 0:00:55]} 19. Bc2 {[%emt 0:03:28]} h6 {[%emt 0:09:15]} 20. Nd3 {[%emt 0:11:40]} Rac8 {[%emt 0:01:20]} 21. Bb1 {[%emt 0:03:22]} Nd5 {[%emt 0:02:13]} 22. Bg3 {[%emt 0:00:22]} Nb6 {[%emt 0:00:45]} 23. f4 {[%emt 0:03:28]} Bf6 {[%emt 0:02:15]} 24. Bf2 {[%emt 0:01:50]} Nc4 {[%emt 0:03:41]} 25. Re2 {[%emt 0:00:28]} Bc6 {[%emt 0:01:48]} 26. Rde1 {[%emt 0:01:00]} Rb8 {[%emt 0:01:25]} 27. a3 {[%emt 0:01:47]} Nb6 {[%emt 0:00:52]} 28. Ne5 {[%emt 0:01:49]} Bd5 {[%emt 0:00:51]} 29. Be4 {[%emt 0:01:28]} Bxe5 {[%emt 0:02:38]} 30. fxe5 {[%emt 0:00:47]} Bxe4 {[%emt 0:01:11]} 31. Rxe4 {[%emt 0:00:07]} Nc4 {[%emt 0:00:20]} 32. R4e2 {[%emt 0:00:26]} Rd5 {[%emt 0:00:45]} 33. Bd4 {[%emt 0:00:38]} a4 {[%emt 0:00:55]} 34. Rf1 {[%emt 0:00:44]} Rbd8 {[%emt 0:00:34]} 35. Rb1 {[%emt 0:01:39]} R8d7 {[%emt 0:00:48]} 36. Kf2 Na5 {[%emt 0:00:24]} 37. Re4 {[%emt 0:01:21]} Nc6 {[%emt 0:00:27]} 38. Ke3 {[%emt 0:00:42]} h5 {[%emt 0:00:46]} 39. Rc1 {[%emt 0:00:33]} Na5 {[%emt 0:00:23]} 40. Rc2 {[%emt 0:00:24]} Kh7 {[%emt 0:00:32]} 41. g4 {[%emt 0:34:02]} hxg4 {[%emt 0:14:01]} 42. Rxg4 {[%emt 0:00:00]} Nc6 {[%emt 0:02:23]} 43. Re4 {[%emt 0:00:00]} g6 {[%emt 0:02:58]} 44. Rg2 {[%emt 0:00:00]} Rd8 {[%emt 0:00:43]} 45. h4 {[%emt 0:00:00]} Ne7 {[%emt 0:01:32]} 46. Rg5 {[%emt 0:00:00]} Nf5+ {[%emt 0:01:59]} 47. Kd3 {[%emt 0:00:00]} Kh6 {[%emt 0:00:41]} 48. Rgg4 {[%emt 0:00:00]} f6 {[%emt 0:03:41]} 49. Ke2 {[%emt 0:00:00]} Nxd4+ {[%emt 0:01:35]} 50. cxd4 {[%emt 0:00:00]} f5 {[%emt 0:00:28]} 0-1